Szczegóły MARC21

Prawo cywilne : część ogólna /

003 -Nazwa inst., której nr kontr. jest w polu 001 [,]
    • @
    • Nazwa instytucji, której n kontrolny jest w polu 001
    • NUKAT
005 -DATA I CZAS OSTATNIEJ MODYFIKACJI [,]
    • @
    • pole kontrolne
    • 20241231111723.0
020 -Międzynarod. znormalizowany nr książki - ISBN [ , ]
    • a
    • Numer ISBN
    • 8387148210 Find
040 -Instytucja sporządzająca opis [ , ]
    • a
    • Instytucja, która sporządziła opis (NP)
    • Ł U/MG
    • c
    • Instytucja, która sporządziła rekord (NP)
    • Ł U/MG
    • d
    • Instytucja, która zmodyfikowała rekord (P)
    • Ł U/MK
    • d
    • Instytucja, która zmodyfikowała rekord (P)
    • Ł U/MSs
942 -Rodzaj dokumentu [ , ]
    • c
    • Rodzaj dokumentu
    • Książka
100 -Hasło główne - nazwa osobowa [1, ]
    • a
    • Nazwa osobowa (NP)
    • Ziemianin, Bronisław
    • d
    • Daty biograficzne (NP)
    • (1935-2019).
    • 9
    • KHW
    • 40268
245 -Strefa tytułu i oznaczenia odpowiedzialności [1,0]
    • a
    • Tytuł
    • Prawo cywilne : Find
    • b
    • Ciąg dalszy tytułu (NP)
    • część ogólna / Find
    • c
    • Pozostałe elementy strefy tytułu i oznaczenia odpowiedzialności (NP)
    • Bronisław Ziemianin.
260 -Strefa adresu wydawniczego [ , ]
    • a
    • Miejsce wydania (P)
    • Poznań :
    • b
    • Nazwa wydawcy (P)
    • Ars boni et aequi,
    • c
    • Data wydania (P)
    • 1999.
300 -Strefa opisu fizycznego [ , ]
    • a
    • Określenie formy książki i/lub objętość (NP)
    • 306, [1] s. ;
    • c
    • Format (NP)
    • 21 cm.
336 -Typ zawartości [ , ]
    • a
    • Termin opisujący typ zawartości
    • Tekst
    • b
    • Kod określający zawartość
    • txt
    • 2
    • Źródło (terminu i kodu)
    • rdacontent
337 -Typ mediów [ , ]
    • a
    • Tryb odtwarzania
    • Bez urządzenia pośredniczącego
    • b
    • Kod typu mediów
    • n
    • 2
    • Źródło (terminu i kodu)
    • rdamedia
338 -Typ/rodzaj nośnika [ , ]
    • a
    • Hasło opisujące typ nośnika
    • Wolumin
    • b
    • Kod typu nośnika
    • nc
    • 2
    • Źródło (terminu i kodu)
    • rdacarrier
504 -Uwaga dot. bibliogr. załącznikowej [ , ]
    • a
    • Uwaga dot. bibliografii załącznikowej
    • Bibliogr. s. 291-299. Indeks.
080 -Uniwersalna Klasyfikacja Dziesiętna [ , ]
    • a
    • Symbol klasyfikacji
    • 347(075)
650 -Hasło przedmiotowe [ ,7]
    • a
    • Hasło przedmiotowe
    • Prawo cywilne
    • z
    • Określnik geograficzny
    • Polska
    • v
    • Określnik formalny
    • podręczniki akademickie.
    • 2
    • Źródło terminu
    • kaba
    • 9
    • KHW
    • 360316
980 -Symbol UKD [ , ]
    • a
    • UKD
    • 347(075)
920 -ISBN [ , ]
    • a
    • ISBN
    • 83-87148-21-0 Find
Data inwentaryzacji Lokalizacja Status udost. Sygnatura Numer inwentarzowy
2002-01-25BE-2 E.68047
2002-01-25BE2 S.88909
2002-01-25BE2 S.88910
2002-01-25BE2 S.88911
2002-01-25BE-3 S.88912
2002-01-25BE-3 S.88913
1999-10-26BG-5W.200551W.200551
1999-10-26BG-5W.200551W.200552
1999-10-26BG-5W.200551W.200553
1999-10-26BG-5W.200551W.200554
1999-10-26BG-5W.200551W.200555
1999-10-26BG-5W.200551W.200556
1999-10-26BG-5W.200551W.200557
1999-10-26BG-5W.200551W.200558
1999-10-26BG-5W.200551W.200559
1999-10-26BG-5W.200551W.200560
1999-10-26BG-5W.200551W.200561
1999-10-26BG-5W.200551W.200562
1999-10-26BG-5W.200551W.200563
1999-10-26BG-5W.200551W.200564
1999-10-26BG-5W.200551W.200565
1999-10-26BG1Z.94779Z.94779
2003-09-23BG-5WM.1003WM.1003
1999-10-26BSA1SA.9770SA.9770
2023-05-26BSA-3SAM.1975SAM.1975